Statistics for Minecraft Speedrun 1.9 - 1.15 RSG any% World Record Holders

Click here to take the quiz!

General Stats

  • This quiz has been taken 15 times
  • The average score is 11 of 27

Answer Stats

DatePlayerTIme% Correct
March 24 2020DreamWasTaken26:44
93%
March 15 2020DreamWasTaken32:21
93%
June 11 2020DreamWasTaken22:03.866
93%
April 10 2020Illumina26:03
71%
March 22 2020Illumina27:26
71%
March 6 2020Illumina32:37
71%
February 19 2020Illumina35:59
71%
May 5 2020realbenex24:38.167
64%
May 29 2020realbenex22:18.2
64%
February 25 2020realbenex35:22.19
64%
January 19 2021Korbanoes19:21
50%
August 17 2020Korbanoes21:26.15
50%
October 19 2020Couriway20:45
43%
February 3 2020Dimeax38:53.5
36%
January 22 2020Dimeax54:52
36%
December 28 2020Dimeax19:36
36%
January 30 2020Dimeax45:42
36%
October 19 2019Lide55:31
21%
January 30 2021yohanss19:17
14%
February 12 2020ComboMiner37:33.533
0%
September 15 2019Neb-Cheperu-Re1:00:51
0%
April 17 2019Nickiosaurus1:15:17
0%
April 15 2019Nickiosaurus1:43:26
0%
January 26 2020spiritsofmilly49:03
0%
December 21 2019Spleeef55:26
0%
March 3 2019tyger_plays2:12:00
0%
February 18 2019tyger_plays3:01:48
0%

Score Distribution

Percentile by Number Answered

Percent of People with Each Score

Your Score History

You have not taken this quiz